Electric machinery fundamentals (Record no. 11630)
[ view plain ]
| 000 -LEADER | |
|---|---|
| fixed length control field | 01196cam a22003014a 4500 |
| 001 - CONTROL NUMBER | |
| control field | 16595869 |
| 005 - DATE AND TIME OF LATEST TRANSACTION | |
| control field | 20170105102345.0 |
| 008 - FIXED-LENGTH DATA ELEMENTS--GENERAL INFORMATION | |
| fixed length control field | 110103s2012 nyua b 001 0 eng |
| 010 ## - LIBRARY OF CONGRESS CONTROL NUMBER | |
| LC control number | 2010050474 |
| 020 ## - INTERNATIONAL STANDARD BOOK NUMBER | |
| International Standard Book Number | 9780073529547 (alk. paper) |
| 020 ## - INTERNATIONAL STANDARD BOOK NUMBER | |
| International Standard Book Number | 0073529540 (alk. paper) |
| 035 ## - SYSTEM CONTROL NUMBER | |
| System control number | (OCoLC)ocn695032905 |
| 040 ## - CATALOGING SOURCE | |
| Original cataloging agency | DLC |
| Transcribing agency | DLC |
| Modifying agency | YDX |
| -- | YDXCP |
| -- | DLC |
| 042 ## - AUTHENTICATION CODE | |
| Authentication code | pcc |
| 050 00 - LIBRARY OF CONGRESS CALL NUMBER | |
| Classification number | TK2000 |
| Item number | .C46 2012 |
| 082 00 - DEWEY DECIMAL CLASSIFICATION NUMBER | |
| Classification number | 621.31042 |
| Edition number | 22 |
| 100 1# - MAIN ENTRY--PERSONAL NAME | |
| Personal name | Chapman, Stephen J. |
| 245 10 - TITLE STATEMENT | |
| Title | Electric machinery fundamentals |
| Statement of responsibility, etc. | Stephen J. Chapman. |
| 250 ## - EDITION STATEMENT | |
| Edition statement | 5th ed. |
| 260 ## - PUBLICATION, DISTRIBUTION, ETC. | |
| Place of publication, distribution, etc. | New York : |
| Name of publisher, distributor, etc. | McGraw-Hill, |
| Date of publication, distribution, etc. | c2012. |
| 300 ## - PHYSICAL DESCRIPTION | |
| Extent | xxiv, 680 p. : |
| Other physical details | ill. ; |
| Dimensions | 24 cm. |
| 504 ## - BIBLIOGRAPHY, ETC. NOTE | |
| Bibliography, etc. note | Includes bibliographical references and index. |
| 505 0# - FORMATTED CONTENTS NOTE | |
| Formatted contents note | Introduction to machinery principles -- Transformers -- AC machinery fundamentals -- Synchronous generators -- Synchronous motors -- Induction motors -- DC machinery fundamentals -- DC motors and generators -- Single-phase and special-purpose motors. |
| 650 #0 - SUBJECT ADDED ENTRY--TOPICAL TERM | |
| Topical term or geographic name entry element | Electric machinery. |
| 906 ## - LOCAL DATA ELEMENT F, LDF (RLIN) | |
| a | 7 |
| b | cbc |
| c | orignew |
| d | 1 |
| e | ecip |
| f | 20 |
| g | y-gencatlg |
| 942 ## - ADDED ENTRY ELEMENTS (KOHA) | |
| Source of classification or shelving scheme | |
| Koha item type | Book |
| Withdrawn status | Lost status | Source of classification or shelving scheme | Damaged status | Not for loan | Permanent Location | Current Location | Shelving location | Date acquired | Source of acquisition | Cost, normal purchase price | Total Checkouts | Total Renewals | Full call number | Barcode | Date last seen | Date last checked out | Price effective from | Koha item type |
|---|---|---|---|---|---|---|---|---|---|---|---|---|---|---|---|---|---|---|
| Central Library (CL) | Central Library (CL) | General Stacks | 03/07/2013 | Allied Book Company | 3077.45 | 11 | 10 | 621.31042 CHA | SEECS012095 | 01/26/2026 | 09/09/2025 | 01/05/2017 | Book | |||||
| Central Library (CL) | Central Library (CL) | General Stacks | 03/07/2013 | Allied Book Company | 3077.45 | 11 | 11 | 621.31042 CHA | SEECS012096 | 02/04/2026 | 09/09/2025 | 01/05/2017 | Book | |||||
| Central Library (CL) | Central Library (CL) | General Stacks | 03/07/2013 | Allied Book Company | 3077.45 | 16 | 10 | 621.31042 CHA | SEECS012097 | 04/14/2026 | 01/27/2026 | 01/05/2017 | Book | |||||
| Central Library (CL) | Central Library (CL) | General Stacks | 03/07/2013 | Allied Book Company | 3077.45 | 6 | 5 | 621.31042 CHA | SEECS012098 | 01/26/2026 | 09/08/2025 | 01/05/2017 | Book | |||||
| Central Library (CL) | Central Library (CL) | General Stacks | 03/07/2013 | Allied Book Company | 3077.45 | 10 | 7 | 621.31042 CHA | SEECS012099 | 01/02/2026 | 09/09/2025 | 01/05/2017 | Book |
